000 00546nam a2200169Ia 4500
003 IN-BaIIA
008 211028s9999 xx 000 0 eng d
020 _a3-540-61462-1
040 _cIIA Library
080 _a524.3-52
_bTHE
100 _aKaufl,H. U
_921033
245 4 _aThe role of dust in the formation of stars
_cH. U Kaufl
260 _aBerlin
_bSpringer-Verlag
_c1996
300 _a[various pagings.]
650 _aStar formation, Role of dust, Very large telescope
_921034
942 _cBK
999 _c12083
_d12083